[Event "Saarland-ch C"]
[Site "Schiffweiler"]
[Date "2009.04.10"]
[Round "8"]
[White "Hinsberger, Sascha"]
[Black "Trienens, Thomas"]
[Result "1-0"]
[WhiteElo "1255"]
[BlackElo "1495"]
[PlyCount "101"]
[EventDate "2009.04.03"]
[EventType "swiss"]
[EventRounds "9"]
[EventCountry "GER"]
[SourceTitle "EXT 2012"]
[Source "ChessBase"]
[SourceDate "2011.11.24"]
[SourceVersion "1"]
[SourceVersionDate "2011.11.24"]
[SourceQuality "1"]

1. e4 e5 2. Nc3 Bc5 3. Bc4 d6 4. Nf3 Nf6 5. d4 exd4 6. Nxd4 0-0 7. 0-0 c6 8. Bg5 h6 9. Bxf6 Qxf6 10. Nb3 Bb6 11. Qd2 Bc7 12. Rad1 Be6 13. Bd3 Nd7 14. f4 Bb6+ 15. Kh1 Nc5 16. Nxc5 Bxc5 17. f5 Bd7 18. Be2 Rae8 19. Bf3 Bb4 20. a3 Bxc3 21. Qxc3 Qxc3 22. bxc3 d5 23. exd5 Bxf5 24. dxc6 bxc6 25. Bxc6 Bxc2 26. Bxe8 Bxd1 27. Rxd1 Rxe8 28. h3 Rc8 29. Rd3 Rc4 30. g4 Ra4 31. Kg2 Rxa3 32. Kf3 a5 33. Ke4 Rb3 34. Kd4 Rb8 35. c4 Kf8 36. Ra3 Ra8 37. Kc5 a4 38. Kb5 Ke7 39. Rxa4 Rxa4 40. Kxa4 Kd6 41. Kb5 Kc7 42. Kc5 g6 43. Kd5 Kd7 44. c5 h5 45. g5 h4 46. Ke5 Kc6 47. Kf6 Kxc5 48. Kxf7 Kd5 49. Kxg6 Ke5 50. Kh5 Kf5 51. Kxh4 1-0

[Event "Saarland-ch C"]
[Site "Schiffweiler"]
[Date "2009.04.06"]
[Round "4"]
[White "Hinsberger, Sascha"]
[Black "Christmann, Walter"]
[Result "1-0"]
[WhiteElo "1255"]
[BlackElo "1155"]
[PlyCount "89"]
[EventDate "2009.04.03"]
[EventType "swiss"]
[EventRounds "9"]
[EventCountry "GER"]
[SourceTitle "EXT 2012"]
[Source "ChessBase"]
[SourceDate "2011.11.24"]
[SourceVersion "1"]
[SourceVersionDate "2011.11.24"]
[SourceQuality "1"]

1. e4 e5 2. Nc3 Nf6 3. Bc4 Nc6 4. d3 d6 5. Bg5 Be7 6. Nf3 Bg4 7. h3 Bh5 8. g4 Nxg4 9. hxg4 Bxg4 10. Bxe7 Qxe7 11. Nd5 Qd8 12. Bb5 a6 13. Bxc6+ bxc6 14. Ne3 Be6 15. d4 Qf6 16. dxe5 dxe5 17. Qe2 0-0 18. b3 Rfd8 19. Nd2 Qg6 20. 0-0-0 a5 21. Rdg1 Qf6 22. Qh5 h6 23. Ng4 Bxg4 24. Qxg4 Kf8 25. Qe2 Rd6 26. Nc4 Rd4 27. Rd1 Qf4+ 28. Kb2 Rxe4 29. Qd2 Rxc4 30. bxc4 Qxc4 31. Qd3 Rb8+ 32. Ka1 Qe6 33. Rb1 Re8 34. Qa3+ Kg8 35. Qxa5 Qe7 36. Rb3 e4 37. a4 Rd8 38. Kb2 Qf6+ 39. Qc3 Qxf2 40. Re1 f5 41. Re3 Qg2 42. Rg3 Qxg3 43. Qxg3 g5 44. Qxc7 Rf8 45. Rb7 1-0